| 000 | 00604nam a2200205 4500 | ||
|---|---|---|---|
| 003 | OSt | ||
| 005 | 20160330182712.0 | ||
| 008 | 160330b xxu||||| |||| 00| 0 eng d | ||
| 020 | _a1870322932 | ||
| 040 | _c040a | ||
| 082 |
_a330 _bGOS 1995 |
||
| 100 |
_aGosling, Louisa _97485 |
||
| 245 |
_aToolkits : _ba practical guide to assessment, monitoring, review and evaluations / _cLouisa Gosling |
||
| 260 |
_aLondon _bSave the children _c1995 |
||
| 300 |
_aii, 254p; _c10 cm |
||
| 504 | _aIncludes index | ||
| 650 |
_aMonitoring and evaluation _97486 |
||
| 700 |
_aEdwards, Mike _97487 |
||
| 942 |
_2ddc _cSLOAN |
||
| 999 |
_c3344 _d3344 |
||